000 00718na a2200253 4500
001 18572
003 MIRAKIL
005 20181213155139.0
008 161122b tu 000 0
020 _a978605877804
035 _a18572
040 _aMilas
_btur
_cTR-AnCHP
041 _atur
082 _a352.9561
_bÖ53s 2011
090 _a352.9561 Ö53s 2011
100 _aÖnen, Engin
245 _aKent, çere ve yerel yönetimler üzerine yazılar
_cEngin Önen
260 _aİzmir
_c2011
_fPrinter Ofset Matbaacılık
300 _a219 s.
_btbl.
_c21 sm.
650 _aYerel yönetimler
_zTürkiye
650 _aKentler
_zTürkiye
740 _aBaşka türlü bir şey benim istediğim
942 _2ddc
_cBKS
999 _c7464
_d7464